=LDR 00000nam 2200000 4500 =001 000210 =005 20250710110247 =035 ##$$a 0010-0725000014 =007 ta =008 250710################a##########0#ind## =020 ##$$a 978-623-307-343-1 =082 ##$$a 398.209 598 =084 ##$$a 398.209 598 SHI k =100 #$$a Shim Jeongmi =245 1#$$a Keluarga Simpons Mengalahkan Harimau /$c Jeongmi Shim =250 ##$$a 2024 =260 ##$$a Jakarta :$b Badan Pengembangan dan Pembinaan Bahasa,$c Cetakan Pertama =300 ##$$a 14 hlm : $b Ilus. ; $c 21 cm =650 #4$$a Cerita Anak Indonesia - Terjemahan =650 #4$$a Literasi- Bahan Bacaan =856 ##$$a TBM AS-SYUHADA